[Event "4th Budapest Open"]
[Site "Budapest, Hungary"]
[Date "2014.08.16"]
[Round "1.1"]
[White "Szabolcsi, Janos"]
[Black "Szecsi, Pal"]
[Result "1-0"]
[WhiteElo "2324"]
[BlackElo "1882"]
[PlyCount "73"]
[EventDate "2014.??.??"]

1. d4 Nf6 2. c4 e6 3. Nf3 d5 4. Bg5 h6 5. Bxf6 Qxf6 6. Nc3 Nc6 7. cxd5 exd5 8.
Nxd5 Qd8 9. Nc3 Bb4 10. e3 O-O 11. Be2 b6 12. O-O Ne7 13. Rc1 Bb7 14. a3 Bxc3
15. Rxc3 Nd5 16. Rc1 Rc8 17. Ne5 Ne7 18. Bf3 Bxf3 19. Qxf3 Qd5 20. Nc6 Qd7 21.
Nxa7 Rce8 22. Nc6 f6 23. h3 Kh7 24. Rc2 Qe6 25. Rfc1 Nd5 26. Nb4 Nxb4 27. axb4
Re7 28. Rxc7 Rff7 29. Rxe7 Qxe7 30. Qd5 f5 31. Rc6 b5 32. Qe6 Qb7 33. Qg6+ Kg8
34. d5 f4 35. e4 f3 36. Qe6 fxg2 37. Qc8+ 1-0

[Event "4th Budapest Open"]
[Site "Budapest, Hungary"]
[Date "2014.08.16"]
[Round "1.2"]
[White "Rajcsanyi, Peter"]
[Black "Gal, Tamas"]
[Result "0-1"]
[WhiteElo "1860"]
[BlackElo "2254"]
[PlyCount "138"]
[EventDate "2014.??.??"]

1. e4 c6 2. d4 d5 3. exd5 cxd5 4. c4 Nf6 5. Nc3 Nc6 6. Nf3 e6 7. c5 Be7 8. Bb5
Bd7 9. O-O O-O 10. Bxc6 Bxc6 11. Ne5 Ne4 12. Nxc6 bxc6 13. Ne2 e5 14. f3 Nf6
15. Be3 Nd7 16. b4 Re8 17. f4 exd4 18. Nxd4 Qc7 19. Nf5 Bf6 20. Bd4 Re4 21.
Bxf6 Nxf6 22. Qd2 Re6 23. Rae1 Ne4 24. Qd4 Rf6 25. Qe5 Qd7 26. Ng3 Re6 27. Qd4
Nxg3 28. hxg3 Rae8 29. Qd2 d4 30. Rxe6 Rxe6 31. Kf2 Re4 32. Re1 f5 33. a4 Qd5
34. Qd3 h6 35. Re2 Kh7 36. Kf1 h5 37. Qf3 Kh6 38. Qd3 Kh7 39. Qf3 Kh6 40. Qd3
Kg6 41. b5 cxb5 42. axb5 Rxe2 43. Qxe2 Qxc5 44. Qe6+ Kh7 45. Qc6 Qa3 46. Qf3
Qxf3+ 47. gxf3 Kg6 48. Ke2 h4 49. gxh4 Kh5 50. Kd3 Kxh4 51. Kxd4 Kg3 52. Kc5
Kxf4 53. Kc6 g5 54. Kb7 g4 55. fxg4 fxg4 56. Kxa7 g3 57. b6 g2 58. b7 g1=Q+ 59.
Ka8 Qa1+ 60. Kb8 Ke5 61. Kc8 Qc3+ 62. Kd7 Qb4 63. Kc7 Qc5+ 64. Kd7 Qb6 65. Kc8
Qc6+ 66. Kb8 Kd6 67. Ka7 Qa4+ 68. Kb8 Kc6 69. Kc8 Qa6 0-1

[Event "4th Budapest Open"]
[Site "Budapest, Hungary"]
[Date "2014.08.16"]
[Round "1.3"]
[White "Zentai, Peter"]
[Black "Szecsi, Peter"]
[Result "1-0"]
[WhiteElo "2236"]
[BlackElo "1858"]
[PlyCount "59"]
[EventDate "2014.??.??"]

1. d4 Nf6 2. c4 e6 3. g3 d5 4. Nf3 Bb4+ 5. Bd2 Bxd2+ 6. Qxd2 O-O 7. Bg2 c6 8.
O-O Ne4 9. Qc2 Nd7 10. Nc3 Nxc3 11. Qxc3 b6 12. Rfd1 Bb7 13. Rac1 Rc8 14. b4 c5
15. bxc5 bxc5 16. Qa3 Qb6 17. dxc5 Qxc5 18. Qb2 Qb6 19. Qd2 Nf6 20. Ne5 Rfd8
21. Qf4 Qa5 22. g4 h6 23. h4 Rf8 24. g5 hxg5 25. hxg5 Nh5 26. Qh4 g6 27. Bf3
Rc7 28. Bxh5 gxh5 29. Qxh5 d4 30. Ng4 1-0

[Event "4th Budapest Open"]
[Site "Budapest, Hungary"]
[Date "2014.08.16"]
[Round "1.4"]
[White "Horvath, Csaba"]
[Black "Juhasz, Mark"]
[Result "1/2-1/2"]
[WhiteElo "1839"]
[BlackElo "2210"]
[PlyCount "73"]
[EventDate "2014.??.??"]

1. e4 d6 2. d4 Nf6 3. Nc3 g6 4. Be3 c6 5. a4 Qa5 6. f3 Nbd7 7. Bd3 Bg7 8. Nge2
O-O 9. O-O e5 10. Qd2 Re8 11. Rfb1 a6 12. b4 Qc7 13. Ra3 exd4 14. Bxd4 Ne5 15.
a5 c5 16. bxc5 dxc5 17. Bxe5 Rxe5 18. Bc4 Be6 19. Bxe6 Rxe6 20. Nf4 Rd6 21.
Nfd5 Qd7 22. Rb6 Nxd5 23. Rxd6 Qxd6 24. Nxd5 Bd4+ 25. Kh1 f5 26. Rb3 fxe4 27.
fxe4 Rf8 28. Rf3 Be5 29. Rxf8+ Qxf8 30. Qe2 Qh6 31. g3 Bxg3 32. Nf6+ Kg7 33.
Ng4 Qh5 34. Qd1 Bd6 35. e5 Bxe5 36. Qd7+ Kf8 37. Qd8+ 1/2-1/2

[Event "4th Budapest Open"]
[Site "Budapest, Hungary"]
[Date "2014.08.16"]
[Round "1.5"]
[White "Balint, Vilmos"]
[Black "Liptak, Tibor"]
[Result "1-0"]
[WhiteElo "2187"]
[BlackElo "1827"]
[PlyCount "113"]
[EventDate "2014.??.??"]

1. e4 e5 2. f4 exf4 3. Bc4 Ne7 4. Nc3 c6 5. Qe2 Ng6 6. d4 Qh4+ 7. Qf2 Qxf2+ 8.
Kxf2 d6 9. Nge2 Nd7 10. Nxf4 Nxf4 11. Bxf4 Nb6 12. Bd3 Be6 13. b3 Be7 14. Ne2
d5 15. Rhe1 dxe4 16. Bxe4 Nd5 17. Bd2 O-O 18. c4 Nc7 19. Ba5 Rac8 20. Nf4 Bf6
21. Rad1 g6 22. Bf3 b6 23. Bb4 c5 24. dxc5 Na6 25. Nxe6 fxe6 26. Ba3 Nxc5 27.
Bxc5 Rxc5 28. Rxe6 Rc7 29. Ke2 Kg7 30. Bc6 Rfc8 31. Bb5 Kf7 32. Red6 Re7+ 33.
Kf3 Rcc7 34. g3 Bc3 35. Bc6 Bb4 36. Bd5+ Kg7 37. Rd8 Bc5 38. Rg8+ Kf6 39. Rd2
Re3+ 40. Kg4 Ree7 41. h4 Re5 42. Rd1 Ree7 43. Rf1+ Ke5 44. Rf4 Be3 45. Re4+ Kf6
46. Kf3 Rxe4 47. Bxe4 Bc1 48. g4 Re7 49. Rd8 Ke5 50. Rd5+ Kf6 51. a4 a5 52. Rb5
Re6 53. c5 bxc5 54. Rxa5 Ba3 55. Ra7 h6 56. Bd5 Rd6 57. Ke4 1-0

[Event "4th Budapest Open"]
[Site "Budapest, Hungary"]
[Date "2014.08.16"]
[Round "1.6"]
[White "Karacsonyi, Gellert"]
[Black "Bodi, Tibor"]
[Result "0-1"]
[WhiteElo "1806"]
[BlackElo "2165"]
[PlyCount "114"]
[EventDate "2014.??.??"]

1. e4 Nf6 2. e5 Nd5 3. d4 d6 4. c4 Nb6 5. exd6 cxd6 6. Nc3 g6 7. Be3 Bg7 8. Rc1
O-O 9. b3 Bf5 10. Nf3 Bg4 11. Be2 Nc6 12. h3 Bxf3 13. Bxf3 e5 14. dxe5 dxe5 15.
Qxd8 Rfxd8 16. Bxc6 bxc6 17. Ke2 f5 18. f3 Kf7 19. Rhd1 Ke6 20. Bg5 Rd4 21. Be3
Rxd1 22. Rxd1 Bf6 23. Bc5 Rd8 24. Rxd8 Bxd8 25. Kd3 a6 26. Be3 Nd7 27. Na4 Be7
28. Bf2 Bb4 29. Be3 Kd6 30. Bd2 Bxd2 31. Kxd2 Nf8 32. Ke3 Ne6 33. h4 Nf4 34. g3
Nh5 35. g4 Nf4 36. gxf5 gxf5 37. Kf2 Nd3+ 38. Ke3 Nb4 39. Nc3 Nc2+ 40. Kd2 Nd4
41. Ke3 Ne6 42. Ne2 Kc5 43. Nc1 Nf4 44. a3 Ng2+ 45. Kf2 Nxh4 46. Nd3+ Kd4 47.
Nb4 e4 48. Nxc6+ Kd3 49. Nb4+ Kd2 50. fxe4 fxe4 51. Nd5 Nf5 52. b4 e3+ 53. Nxe3
Nxe3 54. b5 a5 55. c5 Nd5 56. Kf3 h5 57. c6 Nb6 0-1

[Event "4th Budapest Open"]
[Site "Budapest, Hungary"]
[Date "2014.08.16"]
[Round "1.7"]
[White "Nagy, Aron"]
[Black "Abraham, Lajos"]
[Result "1-0"]
[WhiteElo "2145"]
[BlackElo "1803"]
[PlyCount "73"]
[EventDate "2014.??.??"]

1. c4 c5 2. Nf3 Nc6 3. g3 Nf6 4. Bg2 g6 5. Nc3 Bg7 6. d4 cxd4 7. Nxd4 O-O 8.
O-O a6 9. c5 e6 10. Nb3 Re8 11. e4 Qc7 12. f4 Na5 13. Be3 Bf8 14. Na4 Nxb3 15.
axb3 d6 16. e5 dxe5 17. fxe5 Nd7 18. Nb6 Bxc5 19. Nxa8 Bxe3+ 20. Kh1 Qb8 21.
Qf3 Rf8 22. Qxe3 Qxa8 23. Rae1 Qb8 24. Rf4 b5 25. Rh4 Rd8 26. Rd4 Bb7 27. Red1
Bxg2+ 28. Kxg2 Qb7+ 29. Kg1 Kg7 30. Qg5 Qc7 31. Qe7 Qb6 32. Kg2 Qc6+ 33. Kh3
Nxe5 34. Rxd8 Qf3 35. Qh4 h5 36. Qf4 Qe2 37. R8d2 1-0

[Event "4th Budapest Open"]
[Site "Budapest, Hungary"]
[Date "2014.08.16"]
[Round "1.8"]
[White "Di Giovanni, Vilmos"]
[Black "Kormos, Adam"]
[Result "0-1"]
[WhiteElo "1784"]
[BlackElo "2144"]
[PlyCount "54"]
[EventDate "2014.??.??"]

1. d4 Nf6 2. Nf3 g6 3. Bf4 Bg7 4. e3 O-O 5. Be2 c5 6. c3 Qb6 7. Qb3 Qxb3 8.
axb3 d6 9. h3 Be6 10. Nbd2 cxd4 11. exd4 Nd5 12. Bh2 Bh6 13. Bc4 Nd7 14. O-O
N7b6 15. Rfe1 Rfe8 16. Bf1 a5 17. Ra3 Bd7 18. Rea1 a4 19. b4 Nc7 20. Nc4 Nxc4
21. Bxc4 b5 22. Bf1 Bc6 23. Ne1 Bd5 24. Nc2 Bb3 25. Bd3 e5 26. dxe5 dxe5 27.
Re1 Rad8 0-1

[Event "4th Budapest Open"]
[Site "Budapest, Hungary"]
[Date "2014.08.16"]
[Round "1.9"]
[White "Markos, Adam"]
[Black "Szlenka, Attila"]
[Result "1-0"]
[WhiteElo "2135"]
[BlackElo "1775"]
[PlyCount "93"]
[EventDate "2014.??.??"]

1. c4 Nf6 2. Nf3 c5 3. d4 cxd4 4. Nxd4 Nc6 5. Nc3 g6 6. g3 Bg7 7. Bg2 O-O 8.
O-O a6 9. e3 Qc7 10. b3 d6 11. Bb2 Bd7 12. Rc1 Nxd4 13. Qxd4 Ne8 14. Qd2 Bc6
15. e4 Qa5 16. Rc2 e6 17. Rd1 f5 18. a3 Qb6 19. b4 fxe4 20. Bxe4 Rc8 21. Bxc6
Qxc6 22. Ne2 Bxb2 23. Rxb2 Qf3 24. Nd4 Qf6 25. Rc2 e5 26. Nb3 Rc7 27. c5 Qf7
28. Rc3 Kg7 29. Rd3 Rd7 30. Qe3 Nf6 31. h3 dxc5 32. Rxd7 Nxd7 33. Nxc5 Nxc5 34.
Qxe5+ Kg8 35. Qxc5 Qf3 36. Qc4+ Kh8 37. Qd4+ Kg8 38. Rd3 Qf5 39. Kg2 h5 40. Rc3
h4 41. Rc7 Rf7 42. Rxf7 Qxf7 43. Qd8+ Kg7 44. Qxh4 Qd5+ 45. Kh2 g5 46. Qg4 Qd2
47. Kg2 1-0

[Event "4th Budapest Open"]
[Site "Budapest, Hungary"]
[Date "2014.08.16"]
[Round "1.10"]
[White "Szurkos, Andras"]
[Black "Lam, Daniel King-wai"]
[Result "0-1"]
[WhiteElo "1775"]
[BlackElo "2114"]
[PlyCount "118"]
[EventDate "2014.??.??"]

1. e4 c5 2. d4 cxd4 3. Nf3 d6 4. Bc4 Nf6 5. Qxd4 Nc6 6. Bb5 Bd7 7. Bxc6 Bxc6 8.
Nc3 g6 9. O-O Bg7 10. e5 Nd7 11. Qd3 Nxe5 12. Nxe5 dxe5 13. Qh3 O-O 14. Bh6 Qc8
15. Qxc8 Raxc8 16. Bxg7 Kxg7 17. Rfe1 e4 18. Rad1 Rfd8 19. Rxd8 Rxd8 20. Rd1
Rd6 21. Kf1 Kf6 22. Ke2 Ke5 23. Ke3 f5 24. g3 g5 25. Rxd6 f4+ 26. gxf4+ gxf4+
27. Kd2 exd6 28. Ne2 Bb5 29. Nc3 Bf1 30. a4 a5 31. Na2 d5 32. Ke1 Bc4 33. b3
Ba6 34. c3 d4 35. cxd4+ Kxd4 36. Kd2 e3+ 37. fxe3+ fxe3+ 38. Kc2 Ke4 39. Nc3+
Kf3 40. Kd1 Kf2 41. Ne4+ Kf1 42. Ng3+ Kg2 43. Ke1 Kxh2 44. Nf5 e2 45. Kf2 Kh3
46. Ne3 h5 47. Ng2 Kg4 48. Ne3+ Kf4 49. Ng2+ Ke4 50. Ne1 Kd4 51. Ng2 Kc3 52.
Nf4 Kxb3 53. Nxh5 Kxa4 54. Nf4 Kb3 55. Ne6 Kc2 56. Ke1 a4 57. Nd4+ Kc1 58. Ne6
a3 59. Nc5 a2 0-1

[Event "4th Budapest Open"]
[Site "Budapest, Hungary"]
[Date "2014.08.16"]
[Round "1.11"]
[White "Torok, Tamas Titusz"]
[Black "Rzin, Mehdi"]
[Result "1-0"]
[WhiteElo "2090"]
[BlackElo "1757"]
[PlyCount "127"]
[EventDate "2014.??.??"]

1. e4 c5 2. c3 Nf6 3. d3 d6 4. f4 Nc6 5. Nf3 g6 6. g3 Bg7 7. Bg2 O-O 8. O-O b5
9. h3 Rb8 10. Re1 e5 11. Nbd2 Nh5 12. Nf1 Bd7 13. f5 b4 14. Bg5 Qb6 15. c4 Rfe8
16. Kh2 h6 17. Bd2 Qc7 18. Qc1 Kh7 19. g4 Nf4 20. Qc2 b3 21. axb3 Nb4 22. Bxb4
Rxb4 23. Ne3 Reb8 24. Ra3 R8b7 25. Bf1 a5 26. Rb1 Bc6 27. Ng2 Qb6 28. Nd2 a4
29. Rba1 Qd8 30. Qd1 gxf5 31. gxf5 Bf6 32. Qg4 Nxg2 33. Bxg2 Bg5 34. Rd1 Bf4+
35. Kh1 Bxd2 36. Rxd2 Rxb3 37. Rxb3 Rxb3 38. Qh5 Be8 39. Bf1 Qf6 40. Rg2 Rb8
41. h4 Bd7 42. Qg4 Rf8 43. Be2 Be8 44. Bd1 Qh8 45. Bc2 Rg8 46. Qd1 Rxg2 47.
Kxg2 Qg7+ 48. Kh3 f6 49. Bxa4 Bxa4 50. Qxa4 Qg1 51. Qc2 Qf1+ 52. Qg2 Qxd3+ 53.
Kh2 Qe3 54. Qg6+ Kh8 55. Qxf6+ Kg8 56. Qg6+ Kh8 57. Qg2 Qf4+ 58. Kh3 h5 59. Qe2
Qh6 60. Qf3 Kh7 61. Qg3 Qf4 62. Qxf4 exf4 63. Kg2 Kg7 64. Kf3 1-0

[Event "4th Budapest Open"]
[Site "Budapest, Hungary"]
[Date "2014.08.16"]
[Round "1.12"]
[White "Lakat, Gyula"]
[Black "Juhasz, Bela"]
[Result "0-1"]
[WhiteElo "1756"]
[BlackElo "2087"]
[PlyCount "144"]
[EventDate "2014.??.??"]

1. e4 c5 2. Nf3 e6 3. d4 cxd4 4. Nxd4 a6 5. c4 Nf6 6. Nc3 d6 7. Be2 Be7 8. Be3
O-O 9. Qd2 Qc7 10. O-O b6 11. b3 Bb7 12. Bf3 Nbd7 13. Kh1 Rac8 14. Rac1 Rfe8
15. Nde2 Ne5 16. Rfd1 Nfd7 17. Ng3 Qb8 18. Be2 Bc6 19. f4 Ng6 20. Bf3 Nf6 21.
Qf2 b5 22. cxb5 axb5 23. b4 Nf8 24. Rd3 Qb7 25. Rcd1 N8d7 26. Bd4 Red8 27. h4
Ne8 28. Nge2 e5 29. Be3 Nef6 30. Ng3 g6 31. f5 Re8 32. h5 Rb8 33. Bg5 Qb6 34.
Qxb6 Rxb6 35. fxg6 hxg6 36. hxg6 fxg6 37. Bxf6 Nxf6 38. Nd5 Bxd5 39. exd5 Rc8
40. Ne4 Rc4 41. Nxf6+ Bxf6 42. Rb3 Kg7 43. Re1 Bg5 44. Be4 Bd2 45. Re2 Bxb4 46.
g3 Bc5 47. Kg2 b4 48. Kf3 Rb8 49. Kg2 Ra8 50. Rf3 Rc1 51. Rf1 Rc4 52. g4 Rxe4
53. Rxe4 Rxa2+ 54. Kf3 Rd2 55. Ree1 Rxd5 56. Ra1 Rd3+ 57. Ke2 Rg3 58. Ra8 Rxg4
59. Raf8 b3 60. R1f7+ Kh6 61. Rb8 b2 62. Rfb7 Bd4 63. Rb3 Kg5 64. Rd8 Rg1 65.
Rdb8 Kf4 66. R8b4 Ke4 67. Re3+ Kf5 68. Rf3+ Ke6 69. Rfb3 g5 70. Kd2 g4 71. Kc2
Rg2+ 72. Kb1 g3 0-1

[Event "4th Budapest Open"]
[Site "Budapest, Hungary"]
[Date "2014.08.16"]
[Round "1.13"]
[White "Bodrogi, Mihaly"]
[Black "Kovacs, Judit"]
[Result "0-1"]
[WhiteElo "2081"]
[BlackElo "1729"]
[PlyCount "36"]
[EventDate "2014.??.??"]

1. d4 d5 2. c4 c6 3. Nc3 Nf6 4. Nf3 a6 5. Qb3 b5 6. cxd5 cxd5 7. a4 b4 8. Qxb4
Nc6 9. Qb3 Bf5 10. a5 Rb8 11. Qa4 Bd7 12. Qa2 Nb4 13. Qb1 Qc8 14. e4 Nxe4 15.
Bd2 Bf5 16. Bd3 Nxd2 17. Kxd2 Nxd3 18. Nh4 Rxb2+ 0-1

[Event "4th Budapest Open"]
[Site "Budapest, Hungary"]
[Date "2014.08.16"]
[Round "1.14"]
[White "Csermely, Zoltan"]
[Black "Ats, Laszlo Gyorgy"]
[Result "0-1"]
[WhiteElo "1656"]
[BlackElo "2062"]
[PlyCount "52"]
[EventDate "2014.??.??"]

1. d4 d5 2. e3 Bf5 3. Nf3 e6 4. Bd3 c6 5. b3 Nf6 6. a3 Nbd7 7. Qe2 Ne4 8. Bxe4
Bxe4 9. O-O Bd6 10. Ra2 Rc8 11. Nbd2 Nf6 12. Ng5 Bg6 13. f3 h6 14. Nh3 Bb8 15.
g4 a6 16. a4 c5 17. Nf4 Bh7 18. dxc5 Rxc5 19. Nb1 e5 20. Ba3 Rc6 21. Nd3 Qb6
22. Kg2 e4 23. fxe4 Bxe4+ 24. Kg1 Nxg4 25. Bc5 Qc7 26. Nc3 Qxh2+ 0-1

[Event "4th Budapest Open"]
[Site "Budapest, Hungary"]
[Date "2014.08.16"]
[Round "1.15"]
[White "Metaxasz, Vaszilisz"]
[Black "Tapp, Ashley"]
[Result "1-0"]
[WhiteElo "2062"]
[BlackElo "1646"]
[PlyCount "85"]
[EventDate "2014.??.??"]

1. c4 e6 2. g3 d5 3. d4 Nf6 4. Bg2 Be7 5. Nf3 O-O 6. O-O c5 7. cxd5 Nxd5 8. Nc3
Nf6 9. e4 cxd4 10. Nxd4 e5 11. Nf5 Bb4 12. Qb3 Nc6 13. Rd1 Qa5 14. Be3 Be6 15.
Nd5 Nxd5 16. exd5 Bxf5 17. dxc6 bxc6 18. Bxc6 Rac8 19. Qa4 Qxa4 20. Bxa4 Bc2
21. Bxc2 Rxc2 22. Bxa7 Rxb2 23. Rdb1 Bc3 24. Rxb2 Bxb2 25. Rb1 Bd4 26. Bxd4
exd4 27. Kf1 Ra8 28. Rb4 f6 29. a4 Kf7 30. Rxd4 Ke6 31. Ke2 Ra5 32. Kd3 Rh5 33.
h4 Rf5 34. f4 h5 35. Kc3 g5 36. Kb4 gxf4 37. gxf4 Rd5 38. Rxd5 Kxd5 39. Kb5 Ke4
40. a5 Kxf4 41. a6 Kf3 42. a7 f5 43. a8=Q+ 1-0

[Event "4th Budapest Open"]
[Site "Budapest, Hungary"]
[Date "2014.08.16"]
[Round "1.16"]
[White "Dal Bianco, Nicola"]
[Black "Antal, Attila Dr"]
[Result "0-1"]
[WhiteElo "1633"]
[BlackElo "2048"]
[PlyCount "92"]
[EventDate "2014.??.??"]

1. c4 c6 2. Nc3 d5 3. cxd5 cxd5 4. d4 Nc6 5. Bf4 e6 6. e3 Nf6 7. Bd3 Bd6 8.
Nge2 O-O 9. O-O Re8 10. Rc1 a6 11. Bb1 Bxf4 12. Nxf4 Bd7 13. Nd3 Ne7 14. Ne5
Bc6 15. Qd3 g6 16. g4 Nd7 17. f4 f6 18. Nf3 Nc8 19. h4 Nd6 20. Rf2 Ne4 21. Rh2
Qe7 22. g5 f5 23. h5 Kg7 24. Kg2 Rh8 25. Qe2 Qf7 26. Rch1 Qe7 27. hxg6 hxg6 28.
Nh4 Nf8 29. Kf3 Rh5 30. Rh3 Nh7 31. Qh2 Nhxg5+ 32. fxg5 Nxg5+ 33. Ke2 Nxh3 34.
Qe5+ Kf7 35. Nf3 Nf4+ 36. exf4 Rxh1 37. Ng5+ Kg8 38. Bd3 Re8 39. b3 Rh2+ 40.
Kf3 Qg7 41. Qxg7+ Kxg7 42. Be2 Bd7 43. Nd1 Rc8 44. Ke3 Rc2 45. Nf2 Rxf2 46.
Kxf2 Bb5 0-1

[Event "4th Budapest Open"]
[Site "Budapest, Hungary"]
[Date "2014.08.16"]
[Round "1.17"]
[White "Zoldy, Robert"]
[Black "Gorog, Almos"]
[Result "1/2-1/2"]
[WhiteElo "2029"]
[BlackElo "1627"]
[PlyCount "36"]
[EventDate "2014.??.??"]

1. e4 e6 2. d4 d5 3. Nc3 Bb4 4. exd5 exd5 5. Bd3 Nf6 6. Nge2 O-O 7. O-O b6 8.
Bg5 Be7 9. Nf4 Bb7 10. Qf3 Nbd7 11. Rfe1 h6 12. Bxf6 Nxf6 13. Re3 c5 14. Rae1
Bd6 15. Nb5 Bb8 16. Re7 Bc6 17. c4 Bxb5 18. cxb5 Bd6 1/2-1/2

[Event "4th Budapest Open"]
[Site "Budapest, Hungary"]
[Date "2014.08.16"]
[Round "1.18"]
[White "Kovacsy, Barnabas"]
[Black "Ruck, Robert"]
[Result "1/2-1/2"]
[WhiteElo "1622"]
[BlackElo "2027"]
[PlyCount "47"]
[EventDate "2014.??.??"]

1. e4 c5 2. Nf3 e6 3. d4 cxd4 4. Nxd4 a6 5. Bd3 Nc6 6. Nxc6 dxc6 7. O-O e5 8.
Be3 Nf6 9. h3 Be6 10. Nd2 Qc7 11. Qe2 Bd6 12. Bc4 Bxc4 13. Qxc4 b5 14. Qe2 O-O
15. Bg5 Nd7 16. Rfe1 Nc5 17. Be3 Ne6 18. Rad1 c5 19. f3 c4 20. Nf1 Bb4 21. c3
Bc5 22. Kh1 Bxe3 23. Nxe3 Nc5 24. Nd5 1/2-1/2

[Event "4th Budapest Open"]
[Site "Budapest, Hungary"]
[Date "2014.08.16"]
[Round "1.19"]
[White "Mester, Attila"]
[Black "Lakatos, Tamas"]
[Result "1-0"]
[WhiteElo "2006"]
[BlackElo "1555"]
[PlyCount "91"]
[EventDate "2014.??.??"]

1. e4 c6 2. d4 d5 3. e5 Bf5 4. h4 h6 5. g4 Bg6 6. h5 Bh7 7. e6 fxe6 8. Bd3 Nf6
9. Bxh7 Rxh7 10. Qd3 Rh8 11. Nf3 Ne4 12. Nbd2 Qa5 13. c3 Nxd2 14. Qg6+ Kd8 15.
Bxd2 Nd7 16. Qxe6 Qc7 17. O-O-O Qd6 18. Rde1 Rc8 19. Qf7 Qf6 20. Qxf6 exf6 21.
Nh4 c5 22. Ng6 Rg8 23. Kb1 cxd4 24. cxd4 Bd6 25. Re6 Rc6 26. Rhe1 Nb6 27. Ba5
Kd7 28. Bxb6 Rxb6 29. Nh4 Rc6 30. Nf5 Bb4 31. Rxc6 bxc6 32. Re2 Bd6 33. f3 Bf8
34. Re3 g6 35. hxg6 Rxg6 36. Rb3 Kc7 37. Re3 Kd7 38. Re2 h5 39. Rg2 hxg4 40.
fxg4 Kc7 41. Kc2 Kb6 42. Kd3 c5 43. Ke3 Kc6 44. Kf3 Bd6 45. Rc2 c4 46. b3 1-0

[Event "4th Budapest Open"]
[Site "Budapest, Hungary"]
[Date "2014.08.16"]
[Round "1.20"]
[White "Ronyai, Imre"]
[Black "Bihari, Mihaly"]
[Result "0-1"]
[WhiteElo "1540"]
[BlackElo "2005"]
[PlyCount "60"]
[EventDate "2014.??.??"]

1. e4 c5 2. Nf3 Nc6 3. d4 cxd4 4. Nxd4 Nf6 5. Nc3 g6 6. Bc4 Bg7 7. Be3 O-O 8.
Qd2 Ng4 9. Nxc6 bxc6 10. Bd4 Bh6 11. Qe2 d6 12. Rd1 Qa5 13. O-O e5 14. Be3 Nxe3
15. fxe3 Qc5 16. Kh1 Be6 17. Bxe6 fxe6 18. Qg4 Rae8 19. g3 Rxf1+ 20. Rxf1 Qc4
21. Kg2 d5 22. Rf6 d4 23. exd4 exd4 24. e5 Bg7 25. Ne4 Qxc2+ 26. Rf2 Qc4 27.
Nf6+ Bxf6 28. exf6 Qd5+ 29. Kh3 Kf7 30. Qf4 Qf5+ 0-1

[Event "4th Budapest Open"]
[Site "Budapest, Hungary"]
[Date "2014.08.16"]
[Round "1.22"]
[White "Bartok, David Dominik"]
[Black "Heyl, Thomas"]
[Result "1/2-1/2"]
[WhiteElo "1492"]
[BlackElo "2001"]
[PlyCount "113"]
[EventDate "2014.??.??"]

1. e4 c5 2. c3 d5 3. exd5 Qxd5 4. d4 e6 5. Nf3 Nf6 6. Bd3 Be7 7. O-O O-O 8. Be3
cxd4 9. cxd4 Nc6 10. Nc3 Qd6 11. a3 a6 12. Qe2 Rd8 13. Rad1 b5 14. Ne4 Qb8 15.
Nxf6+ Bxf6 16. Bxh7+ Kxh7 17. Qc2+ Kg8 18. Qxc6 Bb7 19. Qb6 Bxf3 20. Qxb8 Raxb8
21. gxf3 Rbc8 22. Rd2 Rd5 23. f4 g6 24. Kg2 Kg7 25. Kg3 Ra8 26. Rh1 Rc8 27. Kf3
Rc4 28. Rhd1 Bd8 29. Re2 Bb6 30. Red2 Ba5 31. Re2 Kf6 32. Kg4 Ke7 33. f3 Kd6
34. Bg1 Bb6 35. Re5 Rc2 36. b4 Ra2 37. Kg5 Bd8+ 38. Kh6 Bf6 39. Rxd5+ Kxd5 40.
Kh7 Rxa3 41. Rc1 Rxf3 42. Rc7 Rxf4 43. Rxf7 g5 44. Be3 Rh4+ 45. Kg6 Bxd4 46.
Kxg5 Re4 47. Bxd4 Kxd4 48. h4 Kc3 49. h5 Re5+ 50. Kg6 Rxh5 51. Kxh5 Kxb4 52.
Kg5 a5 53. Kf6 a4 54. Kxe6 a3 55. Kd5 a2 56. Ra7 Kb3 57. Rxa2 1/2-1/2

[Event "4th Budapest Open"]
[Site "Budapest, Hungary"]
[Date "2014.08.16"]
[Round "1.23"]
[White "Takacs, Kevin"]
[Black "Mihajlova, Diana"]
[Result "1-0"]
[WhiteElo "2001"]
[BlackElo "1492"]
[PlyCount "67"]
[EventDate "2014.??.??"]

1. d4 Nf6 2. c4 e5 3. dxe5 Ne4 4. Nf3 Bb4+ 5. Bd2 Nxd2 6. Nbxd2 Nc6 7. a3 Bc5
8. e3 a5 9. Bd3 O-O 10. O-O Re8 11. Bc2 Nxe5 12. Nxe5 Rxe5 13. Nf3 Rh5 14. Be4
c6 15. Rc1 Qe7 16. Qc2 d5 17. cxd5 Bd6 18. g3 Bg4 19. dxc6 bxc6 20. Qxc6 Rd8
21. Rfd1 Rh6 22. Qc4 Rf6 23. Bxh7+ Kxh7 24. Qxg4 Rh6 25. Nd4 g6 26. Nc6 f5 27.
Qf3 Qf6 28. Nxd8 g5 29. Qb7+ Kg6 30. Rxd6 Kh5 31. Rxf6 Rxf6 32. Kg2 f4 33. exf4
gxf4 34. Qh7+ 1-0

[Event "4th Budapest Open"]
[Site "Budapest, Hungary"]
[Date "2014.08.16"]
[Round "1.24"]
[White "Papp, Andras"]
[Black "Grigoryan, Meri"]
[Result "0-1"]
[WhiteElo "1421"]
[BlackElo "1996"]
[PlyCount "48"]
[EventDate "2014.??.??"]

1. e4 d5 2. exd5 Qxd5 3. c4 Qa5 4. Nc3 e5 5. Nge2 Be6 6. b3 Nc6 7. a3 Bc5 8.
Ne4 Nf6 9. Nxc5 Qxc5 10. Ng3 Ng4 11. Ne4 Qd4 12. f3 Qxa1 13. fxg4 Bxg4 14. Be2
Bxe2 15. Kxe2 Qd4 16. Qc2 f5 17. Nf2 O-O 18. Bb2 Qf4 19. g3 Nd4+ 20. Bxd4 Qxd4
21. Rf1 f4 22. Ne4 fxg3 23. Rxf8+ Rxf8 24. hxg3 Qg1 0-1

[Event "4th Budapest Open"]
[Site "Budapest, Hungary"]
[Date "2014.08.16"]
[Round "1.25"]
[White "Bodrogi, Laszlo"]
[Black "Birovecz, Ben Jordan"]
[Result "1-0"]
[WhiteElo "1956"]
[BlackElo "1410"]
[PlyCount "77"]
[EventDate "2014.??.??"]

1. d4 d5 2. c4 e6 3. Nc3 c5 4. cxd5 exd5 5. Nf3 Be6 6. g3 Nc6 7. Bg2 Nf6 8. O-O
Bd6 9. dxc5 Bxc5 10. e3 O-O 11. b3 Ne4 12. Nxe4 dxe4 13. Qxd8 Raxd8 14. Ng5 Bb6
15. Bxe4 Bd5 16. Bxh7+ Kh8 17. Be4 Bxe4 18. Nxe4 Ne5 19. Ba3 Rfe8 20. Nd6 Re7
21. Nc4 Re6 22. Rad1 Nxc4 23. bxc4 Rc8 24. c5 Bxc5 25. Bxc5 Rxc5 26. Rd7 f6 27.
Rxb7 Ra5 28. Rb2 Rb6 29. Rxb6 axb6 30. Rb1 Rxa2 31. Rxb6 Kh7 32. Kg2 Ra8 33. g4
Rf8 34. h4 g5 35. hxg5 fxg5 36. Kg3 Re8 37. Rb3 Kg6 38. f4 Re6 39. f5+ 1-0

[Event "4th Budapest Open"]
[Site "Budapest, Hungary"]
[Date "2014.08.16"]
[Round "1.26"]
[White "Czipp, Janos"]
[Black "Gal, Janos"]
[Result "0-1"]
[WhiteElo "1382"]
[BlackElo "1948"]
[PlyCount "86"]
[EventDate "2014.??.??"]

1. Nf3 d5 2. g3 Nc6 3. d4 g6 4. Bg2 Bg7 5. O-O Nf6 6. Nc3 O-O 7. Bf4 a6 8. Re1
Nh5 9. Bc1 e6 10. g4 Nf6 11. h3 Qd6 12. e4 dxe4 13. Nxe4 Nxe4 14. Rxe4 e5 15.
c3 exd4 16. Bf4 Qd7 17. Nxd4 Nxd4 18. cxd4 f5 19. gxf5 Qxf5 20. Bg3 Qb5 21. Qd2
Bf5 22. Re7 c6 23. b3 Rad8 24. Bf1 Qb6 25. Rxg7+ Kxg7 26. Be5+ Kf7 27. Re1 g5
28. Re3 c5 29. Bc4+ Kg6 30. Rg3 h6 31. d5 Kh7 32. f3 Qg6 33. Qg2 b5 34. Be2
Rxd5 35. Bb2 Rd2 36. Bc3 Rc2 37. Be5 Bd3 38. f4 Rxe2 39. Qb7+ Rf7 40. Qb8 Rxe5
41. Qxe5 Rxf4 42. Qe1 c4 43. Kh2 Qf6 0-1

[Event "4th Budapest Open"]
[Site "Budapest, Hungary"]
[Date "2014.08.16"]
[Round "1.27"]
[White "Kalmar, Karoly"]
[Black "Karacsonyi, Kata"]
[Result "1-0"]
[WhiteElo "1942"]
[BlackElo "1377"]
[PlyCount "133"]
[EventDate "2014.??.??"]

1. e4 e5 2. Nf3 Nc6 3. d3 Nf6 4. Be2 d5 5. Nbd2 Bc5 6. O-O O-O 7. c3 Be6 8. Qc2
Nh5 9. Re1 Nf4 10. Bf1 Qf6 11. b4 Bd6 12. a3 Qg6 13. Kh1 Rad8 14. b5 Ne7 15.
exd5 Bxd5 16. c4 Bxf3 17. Nxf3 Nf5 18. Bb2 f6 19. Rad1 Rfe8 20. Re4 Bc5 21. g3
Ne6 22. Bg2 Bd4 23. Nxd4 Nfxd4 24. Bxd4 Nxd4 25. Qa4 Qh5 26. g4 Qh4 27. Rf1 Qg5
28. Qd1 Ne6 29. Re3 Nf4 30. Bxb7 Rd4 31. Be4 Red8 32. Qf3 R8d6 33. Qg3 Ne6 34.
Rg1 Nf4 35. h3 Rd8 36. Kh2 R8d6 37. Rb1 Rd8 38. Rb3 Rb8 39. a4 Rbd8 40. a5 Rb8
41. Qf3 Kf8 42. Re1 Ne6 43. Qe3 Nf4 44. Reb1 Ke7 45. c5 Kd8 46. b6 cxb6 47.
axb6 axb6 48. cxb6 Ne6 49. Rc3 Qxe3 50. fxe3 Rd6 51. b7 Nc7 52. Bxh7 Ra6 53.
Be4 Rd6 54. Bf5 g6 55. Bxg6 Re6 56. e4 Re7 57. Bf5 Rg7 58. Rc6 Rf7 59. Rd6+ Ke8
60. Rbb6 Kf8 61. Bc8 Ke8 62. Rxf6 Rxf6 63. Rxf6 Nb5 64. Re6+ Kd8 65. Rxe5 Nd6
66. Rd5 Kc7 67. Rxd6 1-0